| 000 | 01054nam a2200229Ii 4500 | ||
|---|---|---|---|
| 003 | JO-AjNU | ||
| 008 | 230605s9999||||xx |||||||||||||| ||und|| | ||
| 017 | _a2010/7/2652 | ||
| 020 | _a6-052-60815-1-978 | ||
| 040 |
_aJO-AjNU _bara _erda _cJO-AjNU |
||
| 041 | _aara | ||
| 050 | 1 | 4 | _aHF5667.E74.2010 |
| 100 | 3 |
_aالأردن. وزارة الأشغال العامة والإسكان. مجلس البناء الوطني الأردني, _eauthor _928459 |
|
| 245 | 0 | 0 | _aاصدارات المعايير الدولية لرقابة الجودة والتدقيق والمراجعة وعمليات التأكيد الاخرى والخدمات ذات العلاقة |
| 250 | _aطبعة عام 2010 | ||
| 264 | 3 | 1 | _aنيويوك: الاتحاد الدولي للمحاسبين, 2010 |
| 300 |
_aج1، 806ص _bيشتمل على ملاحق |
||
| 336 |
_atext _btxt _2rdacontent |
||
| 337 |
_aunmediated _bn _2rdamedia |
||
| 338 |
_avolume _bnc _2rdacarrier |
||
| 650 | 4 |
_aمحاسبة -- معليير دولية -- تدقيق -- معايير دولية _928460 |
|
| 999 |
_aA11041 _c14609 _d14609 |
||